| 000 | 00928nam a2200277Ia 4500 | ||
|---|---|---|---|
| 003 | OSt | ||
| 005 | 20220925180154.0 | ||
| 006 | a|||||r|||| 00| 0 | ||
| 007 | ta | ||
| 008 | 220923b |||||||| |||| 00| 0 eng d | ||
| 020 |
_c _34.50 |
||
| 037 |
_b278, 16/10/1985, Segment Book Distributor _cGeneral Book |
||
| 040 |
_aRTL _cRTL _beng |
||
| 041 |
_2eng _aeng |
||
| 082 | _aU43.5.N50<---E00, M5 | ||
| 100 |
_aHOHENBERG Paul M _9250776 |
||
| 245 | 0 | _aMaking of urban Europe 1000-1950 | |
| 260 |
_aCambridge _bHarvard University Press _c1985 |
||
| 300 |
_axiv, 398p _ccm. |
||
| 490 | _aHarvard Studies in Urban History | ||
| 500 | _aBibliography p.355-87 | ||
| 650 |
_aUrban Geography-Europe _9231201 |
||
| 700 |
_a Lees Lynn Hollen _931390 |
||
| 942 |
_hU43.5.N50<---E00, M5 _cGB _2CC |
||
| 999 |
_c495891 _d495891 |
||